Flags of the States of Austria - Statistics

General Stats
  • This quiz has been taken 54 times
    51 since last reset
  • The average score is 7 of 9
Answer Stats
Picture Answer % Correct
Salzburg
94%
Tyrol
88%
Styria
85%
Burgenland
82%
Vorarlberg
82%
Lower Austria
79%
Upper Austria
79%
Vienna
76%
Carinthia
70%
No matching quizzes found
Score Distribution
Percent of People with Each Score
Percentile by Number Answered
Your Score History
You have not taken this quiz since the last reset